| 000 | 00478 a2200157 4500 | ||
|---|---|---|---|
| 001 | 58480 | ||
| 020 | _a8586485969 | ||
| 040 | _cAnchieta - Pituba | ||
| 100 | _aMachado, Dalila | ||
| 240 | 1 | 0 |
_aA história esquecida de Jacinta Passos _lpor |
| 245 | 1 | 0 | _aA história esquecida de Jacinta Passos |
| 300 | _a50 | ||
| 362 | 0 | _a2000 | |
| 650 | 4 | _aPessoas em literatura, história, biografia, genealogia (incluindo historiadores, escritores e críticos da literatura) | |
| 942 | _cBK | ||
| 999 |
_c58480 _d58480 |
||